UBT Library

Computing tomorrow : (Record no. 39504)

000 -LEADER
fixed length control field 00784cam a2200229 a 4500
001 - CONTROL NUMBER
control field 3508100
005 - DATE AND TIME OF LATEST TRANSACTION
control field 20171228033321.0
008 - FIXED-LENGTH DATA ELEMENTS--GENERAL INFORMATION
fixed length control field 951204s1996 enka b 101 0 eng
010 ## - LIBRARY OF CONGRESS CONTROL NUMBER
LC control number 95049616
020 ## - INTERNATIONAL STANDARD BOOK NUMBER
International Standard Book Number 0521460859 (hc)
040 ## - CATALOGING SOURCE
Original cataloging agency DLC
Transcribing agency DLC
Modifying agency DLC
041 ## - LANGUAGE CODE
Language code of text/sound track or separate title eng
080 ## - UNIVERSAL DECIMAL CLASSIFICATION NUMBER
Universal Decimal Classification number 004.072 WAN
082 00 - DEWEY DECIMAL CLASSIFICATION NUMBER
Classification number 004.072 WAN
Edition number 20
100 ## - Rafti
Rafti 30
101 ## - Shkurtesa
Shkurtesa SHK
245 00 - TITLE STATEMENT
Title Computing tomorrow :
Statement of responsibility, etc edited by Ian Wand and Robin Milner.
504 ## - BIBLIOGRAPHY, ETC. NOTE
Bibliography, etc Includes bibliographical references (p. 336-367) and index.
906 ## - LOCAL DATA ELEMENT F, LDF (RLIN)
a 7
b cbc
c orignew
d 1
e ocip
f 19
g y-gencatlg
942 ## - ADDED ENTRY ELEMENTS (KOHA)
Source of classification or shelving scheme
Item type Books
Holdings
Withdrawn status Lost status Source of classification or shelving scheme Damaged status Not for loan Collection code Permanent location Current location Shelving location Date acquired Total Checkouts Full call number Barcode Date last seen Price effective from Koha item type
          Koleksioni i përgjithshem UBT - Lipjan UBT - Lipjan Koleksioni i përgjithshem 12/28/2017   004.072 WAN 002-2994057 12/28/2017 12/28/2017 Books
UBT Library © 2015-2024. All rights reserved University Education for Business and Technology